La legislazione italiana sul diritto del mare = Italian legislation on the law of the sea /
Saved in:
| Corporate Author: | |
|---|---|
| Other Authors: | |
| Format: | Book |
| Language: | Italian |
| Published: |
Milano :
A. Giuffrè,
1981.
|
| Series: | Studi e documenti sul diritto internazionale del mare ;
9. |
| Subjects: | |
| Tags: |
Add Tag
No Tags, Be the first to tag this record!
|
| LEADER | 01152nam a2200361 a 4500 | ||
|---|---|---|---|
| 001 | 001038495-2 | ||
| 005 | 20020606090541.3 | ||
| 008 | 821217s1981 it b 00100 ita | ||
| 010 | |a 81194219 | ||
| 015 | |a It81-Sept | ||
| 020 | |c L16000 | ||
| 035 | 1 | |a MAHL82B5520 | |
| 035 | 0 | |a ocm08132457 | |
| 040 | |a DLC |c DLC | ||
| 041 | 0 | |a itaeng | |
| 043 | |a e-it--- | ||
| 050 | 0 | 0 | |a JX4422.I8 |b I8 1981 |
| 050 | 4 | |a KZ1145 |b .I83 1981x | |
| 110 | 1 | |a Italy. | |
| 245 | 1 | 3 | |a La legislazione italiana sul diritto del mare = |b Italian legislation on the law of the sea / |c [a cura di] Luciano Amato ... [et al.]. |
| 246 | 3 | |a Italian legislation on the law of the sea. | |
| 260 | 0 | |a Milano : |b A. Giuffrè, |c 1981. | |
| 300 | |a li, 290 p. ; |c 25 cm. | ||
| 490 | 1 | |a Studi e documenti sul diritto internazionale del mare ; |v 9 | |
| 504 | |a Includes bibliographical references and index. | ||
| 650 | 0 | |a Maritime law |z Italy. | |
| 650 | 0 | |a Maritime law. | |
| 650 | 0 | |a Law of the sea |z Italy. | |
| 650 | 0 | |a Law of the sea. | |
| 700 | 1 | |a Amato, Luciano. | |
| 830 | 0 | |a Studi e documenti sul diritto internazionale del mare ; |v 9. | |
| 988 | |a 20020608 | ||
| 906 | |0 DLC | ||


